MIASTA-GOSPODARZE LETNICH IGRZYSK OLIMPIJSKICH - Statystyki

Ogólne statystyki
  • Ten quiz został rozwiązany 21 razy
  • Średni wynik to 5 z 6
Statystyki odpowiedzi
Odpowiedź % Poprawnych
LONDYN
85%
PEKIN
85%
TOKIO
85%
ATENY
80%
RIO DE JANEIRO
65%
SYDNEY
65%
Nie znaleziono quizów pasujących do podanych kryteriów
Rozkład punktacji
Procent ludzi z każdym wynikiem
Percentyl według liczby udzielonych odpowiedzi
Twoja historia wyników
Nie rozwiązałeś tego quizu